000 01156nam a22003497a 4500
003 CHAP
005 20220817044439.0
008 110517s1975 mx r 00010 spa d
010 _a101210
011 _a102182
035 _a112870
040 _cCHAP
082 0 4 _a339.46
_bOs58
100 1 _aOsorio, Marconi
_984248
245 1 0 _aMéxico y el mundo marginado
_c/por Marconi Osorio
260 _aMéxico, D.F. :
_bFondo de Cultura Económica,
_c1975
300 _a165 p.
490 0 _aArchivo del Fondo
_v; 34-35
590 _aBATCH-UPD
_b10
_c20130110
_lUCH01
_h1029
590 _aBATCH-UPD
_b10
_c20130410
_lUCH01
_h0632
590 _aBATCH-UPD
_b10
_c20130914
_lUCH01
_h1058
590 _aCONVERSION
_b10
_c20130109
_lUCH01
_h1356
650 1 4 _aCrisis económica.
_928975
650 1 4 _aDesarrollo económico.
650 1 4 _aPaíses subdesarrollados
_xCondiciones económicas.
_985152
650 1 4 _aPaíses subdesarrollados
_xCondiciones sociales.
_985154
650 1 4 _aPobreza.
_989463
830 0 _aArchivo del Fondo
_v; 34-35
_96799
901 _aBK
942 _cLIBRO
949 _a339.46 Os58
_bBC
_cLIBRO
_d33724002253371
_eLIBRO
_h114933
_i112870
_sb
999 _c101210
_d101210